000 01028 a2200265 4500
003 OSt
005 20180116192358.0
008 120702t xxu||||| |||| 00| 0 eng d
020 _a0714843490
020 _a9780714843490
040 _c0
082 _a741.6092
100 _aPurcell, Kerry William.
_95332
245 1 0 _aJosef Müller-Brockmann /
_cby Kerry William Purcell.
260 _aLondon :
_bPhaidon Press,
_c2006
300 _a291 p. :
_b ill. (some col.), ports ;
_c30 cm.
500 _a"This project was made in cooperation with Shizuko Yoshikawa and the Josef Müller-Brockmann Archive."
500 _aIncludes bibliographical references and index.
600 1 0 _aMüller-Brockmann, Josef.
_d1914-
_95333
650 1 0 _aGraphic artists
_zSwitzerland |v Biography.
_cBiography.
_95334
650 1 0 _aCommercial artists
_zSwitzerland
_cBiography.
_95335
700 1 _4Yoshikawa, Shizuko,
_d1934-
_95336
942 _aSADA
_cBK
_k741.6092 PUR 2006
_2ddc
999 _c353193
_d353193